00542nam a2200181 a 450000100060000000300080000600500170001400800460003103500190007704000260009604100080012208200250013010000140015524500730016926000530024230000290029565100360032425272BD-RjUL20211209050845.0140316s1965 1963 uk 000 0 eng d a(BD-RjUL)25341 aBD-RjULbengcBD-RjUL aeng00a959.3218bINT 19651 aInsor, D.10aThailand :ba political social, and economic analysis /cby D. Insor aLondon :bAllen & Unwin,c1963 [Impression 1965] a189 p. :bill. ; c23 cm 0aThailandxHistoryy20th century